00616nam a2200193Ia 450000500170000000800410001702000430005804000190010104100120012008200130013224500890014526000510023430000140028550400400029965000140033965100300035370000280038385000110041120230809105916.0131103s9999 xx 000 0 und d a8176480886 (set); 8176480967cRs 10000 aLoreto College aEnglish a920bSIN aEncyclopaedia of the Indian Biography b Volume 8 T-Z cEdited by Nagendra Kr. Singh aNew DelhibA.P.H. Publishing Corporationc2000 axxv,472p  aIncludes bibliographical references aBiography aIndian National Biography aSingh, Nagendra Kr., ed aLCLIB